[Event "World ol U16"]
[Site "Eindhoven"]
[Date "2023.08.17"]
[Round "8.29"]
[White "Govender, Keniesha"]
[Black "Ajiri, Nygaard"]
[Result "0-1"]
[WhiteElo "1210"]
[BlackElo "1629"]
[PlyCount "41"]
[EventDate "2023.08.13"]
[EventType "team-swiss"]
[EventRounds "9"]
[EventCountry "NED"]
[SourceTitle "CBM 215 Extra"]
[Source "ChessBase"]
[SourceDate "2023.09.30"]
[SourceVersion "1"]
[SourceVersionDate "2023.09.30"]
[SourceQuality "1"]
[WhiteTeam "South Africa II"]
[BlackTeam "Uganda"]
[WhiteTeamCountry "RSA"]
[BlackTeamCountry "UGA"]

1. d4 d5 2. Nf3 Nf6 3. g3 c5 4. Bg2 Nc6 5. 0-0 Bg4 6. c4 e6 7. cxd5 exd5 8. dxc5 Bxc5 9. Bg5 0-0 10. h3 Be6 11. Nc3 d4 12. Bxf6 Qxf6 13. Ne4 Qe7 14. Nxc5 Qxc5 15. Rc1 Qb6 16. b3 h6 17. Qd2 Rfd8 18. Rfd1 Rd6 19. Qf4 Rad8 20. Ne5 g5 21. Qe4 0-1

[Event "World ol U16"]
[Site "Eindhoven"]
[Date "2023.08.16"]
[Round "6.28"]
[White "Tatsumi, Kai"]
[Black "Govender, Keniesha"]
[Result "1-0"]
[WhiteElo "1154"]
[BlackElo "1210"]
[PlyCount "78"]
[EventDate "2023.08.13"]
[EventType "team-swiss"]
[EventRounds "9"]
[EventCountry "NED"]
[SourceTitle "CBM 215 Extra"]
[Source "ChessBase"]
[SourceDate "2023.09.30"]
[SourceVersion "1"]
[SourceVersionDate "2023.09.30"]
[SourceQuality "1"]
[WhiteTeam "Japan"]
[BlackTeam "South Africa II"]
[WhiteTeamCountry "JPN"]
[BlackTeamCountry "RSA"]

1. e4 c5 2. Nf3 d6 3. d4 cxd4 4. Nxd4 Nf6 5. Nc3 g6 6. Be3 Bg7 7. f3 0-0 8. Qd2 Nc6 9. g4 e5 10. Ndb5 a6 11. Na3 Nd4 12. Bg2 b5 13. Ne2 Nxg4 14. fxg4 Qh4+ 15. Ng3 Bxg4 16. c3 Nc6 17. Bg5 Bh6 18. Bxh4 Bxd2+ 19. Kxd2 b4 20. Nc4 f6 21. Ne2 Be6 22. Ne3 Rad8 23. cxb4 Nxb4 24. Nc3 g5 25. Bf2 Nc6 26. Ned5 Rb8 27. b3 Rbd8 28. Rhf1 Rf7 29. Bb6 Rdf8 30. Bc7 a5 31. Rf2 Ne7 32. Nxe7+ Rxe7 33. Bxa5 f5 34. exf5 Bxf5 35. Raf1 Ref7 36. Bb4 Kg7 37. Bxd6 Rd7 38. Rxf5 Rxd6+ 39. Ke2 Rfd8 1-0

[Event "World ol U16"]
[Site "Eindhoven"]
[Date "2023.08.14"]
[Round "2.28"]
[White "Fan, Chloe"]
[Black "Govender, Keniesha"]
[Result "1-0"]
[WhiteElo "1782"]
[BlackElo "1210"]
[PlyCount "85"]
[EventDate "2023.08.13"]
[EventType "team-swiss"]
[EventRounds "9"]
[EventCountry "NED"]
[SourceTitle "CBM 215 Extra"]
[Source "ChessBase"]
[SourceDate "2023.09.30"]
[SourceVersion "1"]
[SourceVersionDate "2023.09.30"]
[SourceQuality "1"]
[WhiteTeam "Australia II"]
[BlackTeam "South Africa II"]
[WhiteTeamCountry "AUS"]
[BlackTeamCountry "RSA"]

1. e4 c5 2. Nf3 d6 3. Bb5+ Bd7 4. Bxd7+ Nxd7 5. 0-0 Ngf6 6. Re1 e6 7. c3 Be7 8. d4 0-0 9. Bf4 cxd4 10. cxd4 Nb6 11. Nc3 Rc8 12. Qb3 d5 13. e5 Nfd7 14. a4 a6 15. Rac1 Rc4 16. a5 Rb4 17. Qa2 Nc4 18. Na4 Qxa5 19. b3 b5 20. Re2 bxa4 21. bxc4 Rxc4 22. Rxc4 dxc4 23. Qxc4 Qb5 24. Rc2 Nb6 25. Qa2 Nd5 26. Bd2 Rb8 27. h3 Nb4 28. Bxb4 Qxb4 29. Kh2 Qb3 30. Nd2 h6 31. Nxb3 axb3 32. Qb1 a5 33. Rc7 Bd8 34. Ra7 Bb6 35. Rd7 a4 36. Qb2 Bd8 37. Ra7 Kh7 38. Rxa4 Be7 39. Rc4 Rb7 40. Rc3 Rb8 41. Rxb3 Rc8 42. Rb7 Re8 43. Qb5 1-0

[Event "World ol U16"]
[Site "Eindhoven"]
[Date "2023.08.14"]
[Round "3.29"]
[White "Govender, Keniesha"]
[Black "Li, Joy Ching"]
[Result "0-1"]
[WhiteElo "1210"]
[BlackElo "1623"]
[PlyCount "98"]
[EventDate "2023.08.13"]
[EventType "team-swiss"]
[EventRounds "9"]
[EventCountry "NED"]
[SourceTitle "CBM 215 Extra"]
[Source "ChessBase"]
[SourceDate "2023.09.30"]
[SourceVersion "1"]
[SourceVersionDate "2023.09.30"]
[SourceQuality "1"]
[WhiteTeam "South Africa II"]
[BlackTeam "Hong Kong"]
[WhiteTeamCountry "RSA"]
[BlackTeamCountry "HKG"]

1. d4 Nf6 2. Nf3 g6 3. g3 Bg7 4. Bg2 d5 5. c4 c6 6. 0-0 0-0 7. Nbd2 Bf5 8. b3 Ne4 9. Bb2 a5 10. Nh4 Nxd2 11. Qxd2 Be6 12. Rac1 a4 13. Rfe1 Na6 14. e4 Nc7 15. Qc2 a3 16. Ba1 Rc8 17. Qd2 dxc4 18. bxc4 b5 19. cxb5 Nxb5 20. d5 Bxa1 21. Rxa1 cxd5 22. exd5 Nc3 23. Qe3 Bxd5 24. Bxd5 Qxd5 25. Qxe7 Nxa2 26. Qxa3 Rc2 27. Qf3 Qc5 28. Ng2 Nb4 29. Ne3 Rc3 30. Qg2 Kg7 31. Rec1 Rxc1+ 32. Rxc1 Qxc1+ 33. Qf1 Qxf1+ 34. Kxf1 Rd8 35. Ke2 f5 36. f4 Kf6 37. h3 Nd5 38. Nc4 Nc3+ 39. Kf3 Rd3+ 40. Kf2 Ne4+ 41. Kg2 Rxg3+ 42. Kh2 Rf3 43. Nb6 Nc3 44. Nd7+ Ke7 45. Ne5 Rxf4 46. Nd3 Re4 47. Nc5 Re2+ 48. Kg3 Ne4+ 49. Nxe4 Rxe4 0-1